| 000 | 00740nam a2200217 u 4500 | ||
|---|---|---|---|
| 005 | 20230322063545.0 | ||
| 008 | 080609s2006 mx r 000 0 spa d | ||
| 020 | _a970683172X | ||
| 035 | _aUPN01000156693 | ||
| 049 | _aI | ||
| 050 | 4 |
_aPZ54 _bA5.6 |
|
| 100 | 1 |
_aAndersen, Hans Christian, _d1805-1875 |
|
| 245 | 1 | 1 |
_a¿Qué crees? ¿Qué crees? / _cHans Christian Andersen ; il. Stefan Czernecki ; tr. Gabriela Olmos. |
| 260 |
_aMéxico : _bArtes de México, _c2006. |
||
| 300 |
_a[28] p. _bil. col. |
||
| 440 | 0 |
_aJoven de artes de México. _pLibros del alba |
|
| 534 |
_pTítulo original: _tFor sure, for sure |
||
| 650 | 4 |
_aCuentos infantiles daneses _910751 |
|
| 700 | 1 |
_aCzernecki, Stefan, _d1946- _eil. _936517 |
|
| 905 | _aInfantil | ||
| 999 |
_c128807 _d128807 |
||